000 00741cab a22002055a 4500
001 L145289
008 080919e20080919xxkod f s 000 0 eng d
035 _a(Sirsi) u145289
041 0 _aeng
100 1 _aMcAllister, Sean
245 0 0 _aRegional report
_bBirmingham
260 _c2008
490 0 _aProperty Week
_v73(38) 19 September 2008, 73-90(9)
520 _aReports on local market news. Discusses the underdeveloped retail mix in Sutton Coldfield. Reports on plans to regenerate Digbeth, Birmingham's traditional industrial heartland.
590 _aKA
651 4 _aWest Midlands (England) (Region)
_y1994-
690 _aPROPERTY-COMMERCIAL PROPERTY-COMMERCIAL PROPERTY DEVELOPMENT
700 1 _aSandher, Hardeep
942 _n0
999 _c80762
_d80762